Coulson & Richardson's chemical engineering. (Record no. 21059)
[ view plain ]
| 000 -LEADER | |
|---|---|
| fixed length control field | 02245cam a22003375a 4500 |
| 001 - CONTROL NUMBER | |
| control field | 12271893 |
| 005 - DATE AND TIME OF LATEST TRANSACTION | |
| control field | 20180102103938.0 |
| 008 - FIXED-LENGTH DATA ELEMENTS--GENERAL INFORMATION | |
| fixed length control field | 100520m20012002enka fr 000 0 eng d |
| 020 ## - INTERNATIONAL STANDARD BOOK NUMBER | |
| International Standard Book Number | 9780750649506 (v. 1) |
| 020 ## - INTERNATIONAL STANDARD BOOK NUMBER | |
| Cancelled/invalid ISBN | 075064950X (v. 1) |
| 020 ## - INTERNATIONAL STANDARD BOOK NUMBER | |
| Cancelled/invalid ISBN | 9780750656399 (v. 2 & 3) |
| 020 ## - INTERNATIONAL STANDARD BOOK NUMBER | |
| Cancelled/invalid ISBN | 0750656395 (v. 2 & 3) |
| 040 ## - CATALOGING SOURCE | |
| Original cataloging agency | KNOVL |
| Language of cataloging | eng |
| Transcribing agency | KNOVL |
| Modifying agency | GZM |
| -- | IDEBK |
| -- | OCLCQ |
| -- | ORU |
| -- | N$T |
| -- | YDXCP |
| -- | OCLCQ |
| -- | OPELS |
| -- | KNOVL |
| -- | OCLCF |
| -- | EG-ScBUE |
| -- | EG-ScBUE |
| 082 04 - DEWEY DECIMAL CLASSIFICATION NUMBER | |
| Classification number | 660.076 |
| Item number | COU |
| Edition number | 22 |
| 100 1# - MAIN ENTRY--PERSONAL NAME | |
| Personal name | Coulson, J. M. |
| Fuller form of name | (John Metcalfe) |
| 9 (RLIN) | 38445 |
| 245 10 - TITLE STATEMENT | |
| Title | Coulson & Richardson's chemical engineering. |
| 246 3# - VARYING FORM OF TITLE | |
| Title proper/short title | Coulson and Richardson's chemical engineering |
| 246 30 - VARYING FORM OF TITLE | |
| Title proper/short title | Chemical engineering |
| 260 ## - PUBLICATION, DISTRIBUTION, ETC. (IMPRINT) | |
| Place of publication, distribution, etc | Oxford : |
| Name of publisher, distributor, etc | Butterworth-Heinemann / Elsevier, |
| Date of publication, distribution, etc | 2001-2002. |
| 300 ## - PHYSICAL DESCRIPTION | |
| Extent | v. <1-3> : |
| Other physical details | ill. ; |
| Dimensions | 25 cm. |
| 490 0# - Series Statement | |
| Series statement | chemical engineering series |
| 500 ## - GENERAL NOTE | |
| General note | Volume 2 (5th edition) and Volume 3 (3rd edition) |
| 505 20 - FORMATTED CONTENTS NOTE | |
| Title | v. 1. Solutions to the problem in chemical engineering / |
| Statement of responsibility | J. R. Backhurst, J. H. Harker and J. F. Richardson -- |
| Title | v. 2 & 3. Solutions to the problem in chemical engineering / |
| Statement of responsibility | J. R. Backhurst, J. H. Harker and J. F. Richardson. |
| 520 ## - SUMMARY, ETC. | |
| Summary, etc | This volume in the Coulson and Richardson series in chemical engineering contains full worked solutions to the problems posed in volume 1. Whilst the main volume contains illustrative worked examples throughout the text, this book contains answers to the more challenging questions posed at the end of each chapter of the main text. These questions are of both a standard and non-standard nature, and so will prove to be of interest to both academic staff teaching courses in this area and to the keen student. Chemical engineers in industry who are looking for a standard solution to a real-life problem will also find the book of considerable interest. * An invaluable source of information for the student studying the material contained in Chemical Engineering Volume 1 * A helpful method of learning - answers are explained in full. |
| 650 #0 - SUBJECT ADDED ENTRY--TOPICAL TERM | |
| Topical term or geographic name as entry element | Chemical engineering |
| Form subdivision | Problems, exercises, etc. |
| Source of heading or term | BUEsh |
| 9 (RLIN) | 7824 |
| 651 ## - SUBJECT ADDED ENTRY--GEOGRAPHIC NAME | |
| Source of heading or term | BUEsh |
| 653 ## - INDEX TERM--UNCONTROLLED | |
| Resource For college | Engineering, Chemical |
| Arrived date list | November2015 |
| 655 ## - INDEX TERM--GENRE/FORM | |
| Form subdivision | Reading book |
| -- | 34232 |
| 700 1# - ADDED ENTRY--PERSONAL NAME | |
| Personal name | Richardson, J. F. |
| Fuller form of name | (John Francis) |
| 9 (RLIN) | 38446 |
| 942 ## - ADDED ENTRY ELEMENTS (KOHA) | |
| Source of classification or shelving scheme | Dewey Decimal Classification |
| Withdrawn status | Item status | Source of classification or shelving scheme | Damaged status | Not for loan | Vendor | Home library | Current library | Shelving location | Date acquired | Source of acquisition | Cost, normal purchase price | Total Checkouts | Full call number | Barcode | Date last seen | Cost, replacement price | Koha item type | Public note | Total Renewals | Date last borrowed |
|---|---|---|---|---|---|---|---|---|---|---|---|---|---|---|---|---|---|---|---|---|
| Dewey Decimal Classification | Baccah | Central Library | Central Library | First floor | 16/11/2015 | Purchase | 370.00 | 660.076 COU | 000031334 | 15/07/2025 | 465.00 | Book - Borrowing | VOL. 1 | |||||||
| Dewey Decimal Classification | Baccah | Central Library | Central Library | First floor | 16/11/2015 | Purchase | 1 | 660.076 COU | 000031335 | 15/07/2025 | Book - Borrowing | VOL. 1 | 15 | 01/10/2017 | ||||||
| Dewey Decimal Classification | Baccah | Central Library | Central Library | First floor | 16/11/2015 | Purchase | 5 | 660.076 COU | 000031336 | 15/07/2025 | Book - Borrowing | VOL. 1 | 4 | 24/11/2022 | ||||||
| Dewey Decimal Classification | Baccah | Central Library | Central Library | First floor | 16/11/2015 | Purchase | 340.00 | 1 | 660.076 COU | 000031343 | 15/07/2025 | 425.00 | Book - Borrowing | VOL. 2 & 3 | 14/10/2019 | |||||
| Dewey Decimal Classification | Baccah | Central Library | Central Library | First floor | 16/11/2015 | Purchase | 660.076 COU | 000031344 | 15/07/2025 | Book - Borrowing | VOL. 2 & 3 | |||||||||
| Dewey Decimal Classification | Baccah | Central Library | Central Library | First floor | 16/11/2015 | Purchase | 1 | 660.076 COU | 000031345 | 15/07/2025 | Book - Borrowing | VOL. 2 & 3 | 05/04/2018 |